000 00436nam a2200181Ia 4500
001 25170
005 20260414151132.0
008 260414t2018||||xx |||||||||||||| ||spa||
041 _aESP
082 _a346.3
_bA49
100 _aÁlvarez Caperochipi, José Antonio
_eAUT
245 0 _aDerecho de sucesiones
_b
260 _c2018
300 _a397 páginas :
_c25 cm.
650 _aDER
654 _aCDE
942 _cLIB
_dJUS
_fJUS
_2ddc
_n
999 _c25170
_d25170